| 000 | 00423nam a2200181Ia 4500 | ||
|---|---|---|---|
| 005 | 20250423100952.0 | ||
| 008 | 250422s9999 xx 000 0 und d | ||
| 020 | _a978-069-0335-2 | ||
| 050 | _aPR 9387.9 .D4 S66/ | ||
| 100 | _aDe Graft, J. C. (Joe C.) | ||
| 245 | 0 | _aSons and daughters | |
| 260 | _aIbadan | ||
| 260 | _bUniversity Press | ||
| 260 | _c2007 | ||
| 300 | _a53 p | ||
| 650 | _aLiterature | ||
| 942 | _cBK | ||
| 999 |
_c34894 _d34894 |
||